000 00475nam a22001697a 4500
005 20251108175658.0
008 250721s2017 xx 000 0 ara d
082 1 4 _a811.9565/سمح
100 1 _aسمحان، محمد
245 1 0 _aأردنيات /
264 1 _aعمان :
_bدار يافا للنشر و التوزيع،
_c2017.
300 _a150ص.
650 1 7 _aالشعر العربي
650 1 7 _aالعصر الحديث
942 _2ddc
_cBK
999 _c139817
_d139817